Soil Water Erosion (Record no. 30907)

MARC details
000 -LEADER
fixed length control field 01450nam a2200133Ia 4500
008 - FIXED-LENGTH DATA ELEMENTS--GENERAL INFORMATION
fixed length control field 220620s9999||||xx |||||||||||||| ||und||
020 ## - INTERNATIONAL STANDARD BOOK NUMBER
International Standard Book Number 9783040000000
245 #0 - TITLE STATEMENT
Title Soil Water Erosion
546 ## - LANGUAGE NOTE
Language note English[eng]
650 ## - SUBJECT ADDED ENTRY--TOPICAL TERM
Topical term or geographic name entry element gully head-cuts||machine learning modeling||soil erosion||Iran||R-factor||USLE||rainfall intensity||modeling||radar climatology||RADKLIM||rain gauge||sediment flux||total soil loss||watershed characteristics||PCA analysis||RUSLE (Revised Universal Soil Loss Equation)||WaTEM/SEDEM||Czech Republic||residential areas||loess||meltwater flow||runoff and sediment yield||hydraulic parameter||comparability||infiltration||rainfall simulation||runoff||RUSLE||land cover change||armed conflict||Northern Al-Kabeer river Syria||freeze-thaw cycles||loamy soil||soil property||soil detachment capacity||Loess Plateau||badlands||morphological changes||land use change||Emilia Apennines (Northern Italy)||multiple-tracer experiments||precipitation amounts||preferential flow||solute transport||protection forest||irrigation||sediment||overland flow||soil loss||watershed||sediment connectivity||connection mode||connection degree||land management||gully geometry||dynamic erosion model||stable gully||area–slope approach||field measurement||water erosion model||event scale||sediment yield||Chenab river||remote sensing||GIS||n/a
700 ## - ADDED ENTRY--PERSONAL NAME
Personal name Centeri, Csaba
856 ## - ELECTRONIC LOCATION AND ACCESS
Uniform Resource Identifier <a href="https://mdpi.com/books/pdfview/book/5065">https://mdpi.com/books/pdfview/book/5065</a>
942 ## - ADDED ENTRY ELEMENTS (KOHA)
Koha item type E-Books
Holdings
Withdrawn status Lost status Damaged status Not for loan Home library Current library Date acquired Total Checkouts Date last seen Price effective from Koha item type
        Kerala University of Digital Sciences, Innovation and Technology Knowledge Centre Kerala University of Digital Sciences, Innovation and Technology Knowledge Centre 20/06/2022   20/06/2022 20/06/2022 E-Books